00670cam a2200193Ma 450000500170000000800410001702000180005803500390007604000500011504100080016510000260017324500550019926000550025430000220030950400530033165000240038465000270040865000410043520161214145117.0161214s2007 enk fr 001 0 eng d a9780199206285 a(OCoLC)300427128z(OCoLC)748896300 aCO-BoUCMbspacSandra PalaciodSandra Palacio0 aeng1 aBrunsson, Nilsd1946-14aThe consequences of decision-makingcNils Brunsson aOxford (Inglaterra)bOxford University Pressc2007 avi, 166 páginas aIncluye referencias bibliográficas e índices17aToma de decisiones 27aPolítica industrial 27aOrganizaciones xToma de decisiones